01422 a2200205 45000010006000000050017000060080041000230030015000640400040000790800056001192450042001750200018002172640034002353000019002695050744002881000023010327000033010557000031010888560097011191600520260407155452.0260407a1970 arg spa dAR-UNSa-BCEJYS aAR-UNSa-BCEJYSbspacAR-UNSa-BCEJYS a519.2xProbabilidades y estadística matemática 10aTeoría y problemas de estadística a968-451-066-7 1aMéxico :bMcGraw-Hillc1970 a357 p.c27 cm. a1. Variables y representaciones - 2. Distribuciones de frecuencias - 3. Media, mediana, moda y otras medidas de centralización - 4. La desviación típica y otras medidas de dispersion - 5. Momentos, sesgo y curtosis - 6. Teoría elemental de probabilidades - 7. Las distribuciones binomial, normal y de poisson - 8. Teoría elemental del muestreo - 9. Teoría de la estimación estadística - 10. Teoría de la decision estadística, ensayos de hipotesis y significación - 11. Teoría de pequeñas muestras - 12. La prueba Chi-Cuadrado - 13. Curva de ajuste y método de minimos cuadrados - 14. Teoría de la correlación - 15. Correlación multiple y parcial - 16. Análisis de series de tiempo - 17. Numeros índice1 aSpiegel, Murray R.1 aGómez Espadas, José Luis1 aLosada Villasante, Alberto41uhttps://www.biblioeco.unsa.edu.ar/pmb/images/libros/16005.jpgyImagen de portadaqimage/jpeg